000 00445nam a2200181Ia 4500
008 221030s9999 xx 000 0 und d
020 _a0074638793
041 _aEnglish
082 _a105.23
_bSch
100 _aR. Schultheis
245 0 _aManagement Information Systems
_cby R. Schultheis, M. Sumner M
250 _a4th
260 _bTMH
_aNew Delhi
_c2002
300 _a743
650 _aBE Computer
700 _aM. Sumner M
942 _cBK
999 _c6010
_d6010